Destinos desde el Aeropuerto de Melilla. - Estadísticas

Estadísticas generales
  • Esta prueba ha sido intentada 101 veces
    31 desde el último reinicio
  • La puntuación promedio es 10 de 15
Estadísticas de respuestas
¿Actual? Respuesta % Correcto
Málaga (Aeropuerto de Málaga, el Rompedizo)
100%
Barcelona (Aeropuerto Josep Tarradellas El Prat)
96%
Madrid (Aeropuerto Adolfo Suárez Madrid Barajas)
96%
Sevilla (Aeropuerto Sevilla, San Pablo)
85%
No Valencia (Aeropuerto Internacional de Valencia Manises)
81%
Granada (Aeropuerto Federico García Lorca Granada Jaén)
77%
Sí (estacional) Palma de Mallorca (Aeropuerto de Son Sant Joan)
73%
Sí (Estacional) Santa Cruz de Tenerife (Aeropuerto de Tenerife Norte)
69%
Almería (Aeropuerto de Almería, el Alquián)
65%
Sí (estacional) Las Palmas de Gran Canaria (Aeropuerto Gran Canaria - Gando)
65%
Sí (Estacional) Santiago de Compostela (Aeropuerto de Santiago Rosalía de Castro)
58%
No Ceuta (Helipuerto de Ceuta)
50%
Sí (Estacional) Oviedo (Aeropuerto de Asturias)
42%
No Badajoz (Aeropuerto de Badajoz)
38%
No Santander (Aeropuerto Severiano Ballesteros Santander)
27%
No se encontraron pruebas coincidentes
Distribución de puntuación
Porcentaje de gente con cada puntuación
Porcentaje por número respondido
Historial de tus puntuaciones
No has intentado esta prueba desde el último reinicio